Thủy lực cơ sở
Giáo trình Thủy lực cung cấp những kiến thức cho sinh viên ngành cầu đường, công trình thuỷ, kinh tế xây dựng. Sách bao gồm những nội dung liên quan đến đặc tính cơ bản của chất lỏng, lực tác dụng, các phương trình cơ bản của thủy lực, ca...
Na minha lista:
| Autor principal: | |
|---|---|
| Formato: | Livro |
| Idioma: | Undetermined |
| Publicado em: |
Hà Nội
Xây dựng
2007
|
| Assuntos: | |
| Tags: |
Adicionar Tag
Sem tags, seja o primeiro a adicionar uma tag!
|
| Thư viện lưu trữ: | Trung tâm Học liệu Trường Đại học Cần Thơ |
|---|
| LEADER | 01102nam a2200205Ia 4500 | ||
|---|---|---|---|
| 001 | CTU_168959 | ||
| 008 | 210402s9999 xx 000 0 und d | ||
| 020 | |c 56000 | ||
| 082 | |a 532.071 | ||
| 082 | |b Kh561 | ||
| 100 | |a Phùng, Văn Khương | ||
| 245 | 0 | |a Thủy lực cơ sở | |
| 245 | 0 | |c Phùng Văn Khương , Trần Đình Nghiên , Phạm Văn Vĩnh | |
| 260 | |a Hà Nội | ||
| 260 | |b Xây dựng | ||
| 260 | |c 2007 | ||
| 520 | |a Giáo trình Thủy lực cung cấp những kiến thức cho sinh viên ngành cầu đường, công trình thuỷ, kinh tế xây dựng. Sách bao gồm những nội dung liên quan đến đặc tính cơ bản của chất lỏng, lực tác dụng, các phương trình cơ bản của thủy lực, cách áp dụng phương trình Bécnuli tính dòng chảy qua lỗ, qua vòi, hiện tượng va đập thủy lực.... | ||
| 650 | |a Hydraulics,Thuỷ lực | ||
| 904 | |i Đoan Trang | ||
| 980 | |a Trung tâm Học liệu Trường Đại học Cần Thơ | ||